000 00389nam a22001577a 4500
003 OSt
008 240119b |||||||| |||| 00| 0 eng d
020 _a9781593275648
082 _a005.8 WEP
100 _aWEIDMAN, Georgia
245 _aPenetration Testing a Hands on Introduction to Hacking
250 _a12th Ed
260 _aUSA
_bNo Starch Press
300 _a495
942 _2ddc
_cBK
999 _c12173
_d12173